भारत के राष्ट्रपति / (Record no. 15747)

MARC details
000 -LEADER
fixed length control field 02146nam a22003257a 4500
005 - DATE AND TIME OF LATEST TRANSACTION
control field 20080926120316.0
008 - FIXED-LENGTH DATA ELEMENTS--GENERAL INFORMATION
fixed length control field 080926t xxu||||| |||| 00| 0chin d
010 ## - LCCN (DPL NO)
LC control number HIN-84213-15
020 ## - INTERNATIONAL STANDARD BOOK NUMBER
Terms of availability 3000.00 (सैट)
International Standard Book Number 9788190634458
035 ## - SYSTEM CONTROL NUMBER
System control number HN-56559-61
037 ## - SOURCE OF ACQUISITION
Source of stock number/acquisition DBAD / VEN
040 ## - CATALOGING SOURCE
Original cataloging agency DPL
Language of cataloging HN
082 ## - DEWEY DECIMAL CLASSIFICATION NUMBER
Classification number 920
100 ## - MAIN ENTRY--PERSONAL NAME
Personal name वशिष्ठ, सावित्री
245 ## - TITLE STATEMENT
Title भारत के राष्ट्रपति /
Statement of responsibility, etc सावित्री वशिष्ठ
246 ## - VARYING FORM OF TITLE
Title proper/short title Bhaarata ke raashtrapati
Remainder of title by Savitri Vashisth
260 ## - PUBLICATION, DISTRIBUTION, ETC. (IMPRINT)
Place of publication, distribution, etc दिल्ली
Name of publisher, distributor, etc प्रशांत पब्लिसिंग हाऊस
Date of publication, distribution, etc 2008
270 ## - ADDRESS
Address सी-34, 28 फुटा रोड, गली नं3. वेस्ट करावल नगर
City दिल्ली
Postal code 110094
Telephone number 22963970, 9810396373
300 ## - PHYSICAL DESCRIPTION
Extent 3 भाग xxiii,198पृ; vi,730,पृ ;vi,1087पृ
Other physical details 22सेमी (सजिल्द)
500 ## - GENERAL NOTE
General note तीन भागों में प्रकाशित
650 ## - SUBJECT ADDED ENTRY--TOPICAL TERM
Topical term or geographic name as entry element राष्ट्रपति
General subdivision जीवनी
Geographic subdivision भारत
650 ## - SUBJECT ADDED ENTRY--TOPICAL TERM
Topical term or geographic name as entry element Presidents
General subdivision Biography
Geographic subdivision India
651 ## - SUBJECT ADDED ENTRY--GEOGRAPHIC NAME
Geographic name भारत
General subdivision राजनीति एवं सरकार
Chronological subdivision 1947-2008
651 ## - SUBJECT ADDED ENTRY--GEOGRAPHIC NAME
Geographic name India
General subdivision Politics and government
Chronological subdivision 1947-2008
942 ## - ADDED ENTRY ELEMENTS (KOHA)
Source of classification or shelving scheme Dewey Decimal Classification
Item type Hindi Books
Call number suffix वशिष्ठ
Classification part 920
Holdings
Withdrawn status Lost status Source of classification or shelving scheme Materials specified (bound volume or other part) Damaged status Not for loan Collection code Home library Current library Date acquired Source of acquisition Cost, normal purchase price Total Checkouts Full call number Barcode Date last seen Copy number Cost, replacement price Koha item type Public note
    Dewey Decimal Classification भाग-1   Not For Loan Non-fiction D.B.Act.Division D.B.Act.Division 26/09/2008 DBAD / PUB 3000.00   920 वशिष्ठ HN-56559 26/09/2008 1 3000.00 Hindi Books भाग-1
    Dewey Decimal Classification भाग-2   Not For Loan Non-fiction D.B.Act.Division D.B.Act.Division 26/09/2008 DBAD / PUB 3000.00   920 वशिष्ठ HN-56560 26/09/2008 1 3000.00 Hindi Books भाग-2
    Dewey Decimal Classification भाग-3   Not For Loan Non-fiction D.B.Act.Division D.B.Act.Division 26/09/2008 DBAD / PUB 3000.00   920 वशिष्ठ HN-56561 26/09/2008 1 3000.00 Hindi Books भाग-3

© Delhi Public Library
Hit Counter
free hit counter